000 00773nam a22002177a 4500
005 20170124110050.0
010 _aB-163290
020 _c00.00
035 _aB-163290
037 _bCen Lib/Ret
040 _aDPL
_bEN
082 _a782.42
_bTAL
245 _aTalking songs :
_ctranslated by Nasreen Munni Kabir
_b Javed Akhtar in conversation with Nasreen Munni Kabir and sixty selected songs /
260 _aNew Delhi
_bOxford University Press
_c2005
270 _bNew Delhi
_aYMCA Library Building, Jai Singh Road
_e110001
300 _axix,252p. :
_c21cm(Hb)
_bill.
650 _aLyricists -- India -- Interview
_925266
650 _aMotion picture music -- India
_925267
700 _aKabir, Nasreen Munni
_925268
942 _2ddc
_cEN
_h782.42
_mTAL
999 _c129062
_d129062